书目信息 |
| 题名: |
2007年考研政治“形势与政策”精讲与预测
|
|
| 作者: | 辛逸 , 黄延敏 编著 | |
| 分册: | ||
| 出版信息: | 北京 中国人民大学出版社 2006 |
|
| 页数: | 232页 | |
| 开本: | 21cm | |
| 丛书名: | ||
| 单 册: | ||
| 中图分类: | G641.41 | |
| 科图分类: | ||
| 主题词: | 时事政策教育--研究生--入学考试--升学参考资料 , 时事政策教育 | |
| 电子资源: | ||
| ISBN: | 7-300-06904-5 | |
| 000 | 00867nam0 2200253 450 | |
| 001 | 070730000413 | |
| 005 | 20071015153505.36 | |
| 010 | @a7-300-06904-5@dCNY12.00 | |
| 035 | @a003324518 | |
| 100 | @a20060104d2006 em y0chiy0110 ea | |
| 101 | 0 | @achi |
| 102 | @aCN@b110000 | |
| 105 | @ay zq 000yy | |
| 200 | 1 | @a2007年考研政治“形势与政策”精讲与预测@A2007 nian kao yan zheng zhi “ xing shi yu zheng ce ” jing jiang yu yu ce@f辛逸,黄延敏编著 |
| 210 | @a北京@c中国人民大学出版社@d2006 | |
| 215 | @a232页@d21cm | |
| 330 | @a本书分为四大部分:近三年试题及命题规律、重大时政专题解析、精选习题、国内国际重大时事。 | |
| 606 | 0 | @a时事政策教育@x研究生@x入学考试@j升学参考资料 |
| 606 | 0 | @a时事政策教育 |
| 690 | @aG641.41@v4 | |
| 701 | 0 | @a辛逸@Axin yi@c(政治)@4编著 |
| 701 | 0 | @a黄延敏@Ahuang yan min@4编著 |
| 801 | 0 | @aCN@c20071015 |
| 905 | @dG641.41@eX523 | |
| 2007年考研政治“形势与政策”精讲与预测/辛逸,黄延敏编著.-北京:中国人民大学出版社,2006 |
| 232页;21cm |
| ISBN 7-300-06904-5:CNY12.00 |
| 本书分为四大部分:近三年试题及命题规律、重大时政专题解析、精选习题、国内国际重大时事。 |
| ● |
| 相关链接 |
|
|
|
正题名:2007年考研政治"形势与政策"精讲与预测
索取号:G641.41/X523
 
预约/预借
| 序号 | 登录号 | 条形码 | 馆藏地/架位号 | 状态 | 备注 |
| 1 | 650939 | 206509394 | 社科库409/409社科库 10排3列4层/ [索取号:G641.41/X523] | 在馆 | |
| 2 | 650940 | 206509401 | 社科二线422/422社科库 32排4列1层/ [索取号:G641.41/X523] | 在馆 | |
| 3 | 650941 | 206509410 | 社科库409/409社科库 10排3列4层/ [索取号:G641.41/X523] | 在馆 | |
| 4 | 650942 | 206509429 | 社科二线422/309社科库 97排1列2层/ [索取号:G641.41/X523] | 在馆 |